| 000 | 02037nam a22002657a 4500 | ||
|---|---|---|---|
| 999 |
_c21895 _d21895 |
||
| 003 | AR-CdUCM | ||
| 008 | 190425b ||||| |||| 00| 0 spa d | ||
| 040 |
_aMUNICIPALIDAD PROVINCIAL DEL CUSCO _cBIBLIOTECA MUNICIPAL DEL CUSCO |
||
| 082 | _aRev.FD/N°7/1990 | ||
| 110 |
_aUniversidad Nacional De San Antonio Abad del Cuzco _914483 |
||
| 245 |
_aRevista de la Facultad de Derecho de la Universidad Nacional de San Antonio Abad del Cuzco / _cUniversidad Nacional de San Antonio Abad del Cuzco |
||
| 260 |
_aCusco : _bLa Amistad, _c1990. |
||
| 300 |
_a132 páginas. : _c24 cm. |
||
| 440 |
_aRevista de la Facultad de Derecho de la Universidad Nacional de San Antonio Abad del Cuzco. _nN°7, 1990. _946717 |
||
| 505 | _aContenido: Apuntes sobre la historia de la facultad de Derecho de la UNSAAC. -- Apuntes históricos sobre el local central de la UNSAAC. -- Derecho agrario y derecho ambiental. -- Inconstitucionalidad de la nueva Ley orgánica del poder judicial. -- Teoría de la prueba. -- Principios básicos del derecho familiar peruano. -- Los bienes en el código civil peruano. -- El recurso de casación en la nueva ley orgánica del poder judicial. -- Drogas debate sobre su legalización. -- La Procreación humana asistida y su legislación. -- El domicilio como derecho primario inviolable su consagración constitucional. -- Sus excepciones por razón de orden publico. -- La deuda externa sus repercusiones sobre el Perú y las alternativas de solución. -- La simplificación y presunciones. -- La indexación de la deuda tributaria. -- Sentencia condenatoria pronunciada contra José Gabriel Condorcanqui Tupac Amaru. -- Crónicas de la facultad. | ||
| 650 |
_aDerecho del Perú _946685 |
||
| 650 |
_aFacultad de Derecho del Cuzco _946697 |
||
| 650 |
_aProyecto de reformas metodológicas _946707 |
||
| 700 |
_aBéjar Quispe, José _96070 |
||
| 700 |
_aAngles Vargas, Víctor _946718 |
||
| 700 |
_aValcárcel Gamarra, Pedro _946716 |
||
| 700 |
_aPeralta Andia, Rolando _946719 |
||
| 942 |
_2ddc _cPP |
||
| 945 | _arac | ||